000 00539nam a22001937a 4500
003 KOHA_MİRAKIL
005 20251114123628.0
008 251114b tu ||||| |||| 00| 0 tur d
020 _a9789750406911
040 _aTR-AnABB
_btur
_cTR-AnABB
041 _atur
082 _a813.42
_bBIR 2015
100 1 _aBirkiye, Atilla,
245 1 0 _aOn kadın, bir hayal /
_cAtilla Birkiye
260 _aİstanbul :
_bLiteratür Yayınları,
_c2015
300 _a137 sayfa ;
_c21 cm
650 0 4 _aTürk edebiyatı, roman
942 _2ddc
_cBK
999 _c9390
_d9390
900 _bGizem YORULMAZ